[Event "Tournoi Skype 028A"]
[Site "Skype"]
[Date "????.??.??"]
[Round "8.13"]
[White "Serrano Serrano, Samuel"]
[Black "Saponara, Jose Maria"]
[Result "1-0"]
[WhiteElo "1600"]
[BlackElo "1524"]
[PlyCount "71"]

1. c4 c6 2. d4 e6 3. Nc3 Nf6 4. e4 d5 5. e5 Nfd7 6. f4 Be7 7. Nf3 Na6 8. Be3
Nc7 9. Bd3 dxc4 10. Bxc4 Nb6 11. Bb3 Nbd5 12. Nxd5 Nxd5 13. Bd2 Qb6 14. O-O O-O
15. a4 a5 16. Rb1 Bd7 17. Bc2 h6 18. Bc3 Nxf4 19. Nd2 Ng6 20. Qg4 Be8 21. Bxg6
c5 22. Bc2 Rd8 23. Nc4 Qa7 24. Rbd1 cxd4 25. Bxd4 Bc5 26. Nd6 Bxd4+ 27. Qxd4 b6
28. Qe4 g6 29. Rf6 Kg7 30. Rdf1 Rxd6 31. exd6 Qd7 32. Qe5 Kg8 33. Bxg6 Qxa4 34.
Be4 Qb3 35. Qf4 Bb5 36. Qg4+ 1-0

[Event "Tournoi Skype 028A"]
[Site "Skype"]
[Date "????.??.??"]
[Round "8.14"]
[White "Zequeda, Javier"]
[Black "Thoune, Jim"]
[Result "1-0"]
[WhiteElo "1183"]
[BlackElo "1598"]
[PlyCount "43"]

1. e4 c6 2. d4 d5 3. e5 Bf5 4. c4 e6 5. Nc3 Ne7 6. Nf3 Nd7 7. Be2 a6 8. O-O Qc7
9. h3 h6 10. Be3 Bh7 11. a3 Nf5 12. cxd5 Nxe3 13. fxe3 cxd5 14. Rc1 Qb6 15. Na4
Qa7 16. Rc7 Rd8 17. Qb3 Be7 18. Rxb7 Qa8 19. Rc1 Rc8 20. Rbc7 Rxc7 21. Rxc7 Qd8
22. Qb7 1-0

[Event "Tournoi Skype 028A"]
[Site "Skype"]
[Date "????.??.??"]
[Round "8.15"]
[White "Silvestre Da Silva, Sidnei"]
[Black "Karia, Vijay"]
[Result "1-0"]
[WhiteElo "1566"]
[BlackElo "1482"]
[PlyCount "105"]

1. e4 d5 2. exd5 Qxd5 3. Nc3 Qa5 4. d4 c6 5. Nf3 Bg4 6. Bd2 Qb6 7. Na4 Qc7 8.
Be2 e6 9. h3 Bh5 10. O-O Nf6 11. c4 Nbd7 12. Nc3 Bd6 13. c5 Be7 14. b4 O-O 15.
b5 Bxf3 16. Bxf3 Nd5 17. bxc6 bxc6 18. Qe2 Bf6 19. Nxd5 exd5 20. Be3 Rfe8 21.
Qc2 Rab8 22. Rab1 h6 23. Rb3 Nf8 24. Rfb1 Ne6 25. Qd2 Bg5 26. Bxg5 Nxg5 27. Qc3
Qf4 28. Rxb8 Rxb8 29. Rxb8+ Qxb8 30. Qb3 Qf4 31. Qe3 Nxf3+ 32. gxf3 Qb8 33. Kg2
Kf8 34. f4 Qe8 35. Kg3 Qb8 36. Qe5 Qd8 37. h4 Kg8 38. f5 Kh7 39. Qd6 Qc8 40. f6
g6 41. Qe7 Qe6 42. Qxe6 fxe6 43. Kf4 Kg8 44. Ke5 Kf7 45. f4 a5 46. a4 h5 47.
Kd6 Kxf6 48. Kxc6 e5 49. dxe5+ Ke6 50. Kb5 g5 51. fxg5 Kxe5 52. c6 d4 53. c7
1-0

[Event "Tournoi Skype 028A"]
[Site "Skype"]
[Date "????.??.??"]
[Round "8.17"]
[White "Couto, Januario"]
[Black "Casey, Eamonn"]
[Result "1/2-1/2"]
[WhiteElo "1387"]
[BlackElo "1538"]
[PlyCount "49"]

1. e4 e6 2. d4 d5 3. Nd2 Nf6 4. e5 Nfd7 5. Bd3 c5 6. c3 Nc6 7. Ne2 Be7 8. f4 f5
9. exf6 Nxf6 10. Nf3 cxd4 11. Nexd4 Nxd4 12. Nxd4 Bd7 13. O-O O-O 14. Kh1 Qb6
15. Qb3 Qxb3 16. Nxb3 Rac8 17. Be3 b6 18. Rac1 Ng4 19. Bd4 Bf6 20. h3 Bxd4 21.
Nxd4 Ne3 22. Rf3 Nc4 23. b3 Nd6 24. g3 Nf5 25. Nxf5 1/2-1/2

[Event "Tournoi Skype 028A"]
[Site "Skype"]
[Date "????.??.??"]
[Round "8.18"]
[White "Legueltel, Daniel"]
[Black "Cayo, Ana Carolina"]
[Result "1/2-1/2"]
[WhiteElo "1753"]
[BlackElo "1214"]
[PlyCount "92"]

1. d4 d5 2. Bf4 Nf6 3. e3 Bf5 4. Nf3 e6 5. Bd3 Bxd3 6. Qxd3 c6 7. O-O Be7 8. c4
Nbd7 9. Nbd2 Nh5 10. Ne5 Nxf4 11. exf4 O-O 12. cxd5 cxd5 13. Rfe1 Rc8 14. Rac1
Nxe5 15. fxe5 Bg5 16. g3 Bxd2 17. Qxd2 Qb6 18. Rc3 Rc4 19. Rxc4 dxc4 20. d5
exd5 21. Qxd5 Qxb2 22. Qxc4 h6 23. e6 fxe6 24. Qxe6+ Kh8 25. Re2 Qb1+ 26. Kg2
Qf5 27. Qe3 a5 28. f4 Qd5+ 29. Qf3 Qxf3+ 30. Kxf3 Rc8 31. Rb2 Rc3+ 32. Ke4 Ra3
33. Kd5 b5 34. Kc5 b4 35. Kb5 Kh7 36. Rg2 h5 37. h3 Kg6 38. g4 hxg4 39. hxg4
Kf6 40. Rd2 b3 41. axb3 Rxb3+ 42. Kxa5 Rg3 43. Rd6+ Kf7 44. Rd7+ Kf6 45. Rd6+
Kf7 46. Rd7+ Kf6 1/2-1/2

[Event "Tournoi Skype 028A"]
[Site "Skype"]
[Date "????.??.??"]
[Round "8.19"]
[White "Garcia Diaz, Jose"]
[Black "Lucena Vaz, Jose"]
[Result "1-0"]
[WhiteElo "1513"]
[BlackElo "1674"]
[PlyCount "96"]

1. d4 Nf6 2. Nf3 d6 3. c4 g6 4. g3 Bg7 5. Nc3 c6 6. Bg2 O-O 7. O-O Bf5 8. Nh4
Bg4 9. h3 Be6 10. e4 Bxc4 11. Re1 e5 12. Nf3 Re8 13. dxe5 dxe5 14. Qxd8 Rxd8
15. Nxe5 Be6 16. Bg5 Nbd7 17. Nxd7 Rxd7 18. Na4 b6 19. Bxf6 Bxf6 20. e5 Rd4 21.
exf6 Bxh3 22. Nxb6 Rad8 23. Bxh3 axb6 24. Re2 R4d6 25. Rae1 Kf8 26. Bg2 Rxf6
27. Rc1 c5 28. Rc3 Rd4 29. Ra3 Rfd6 30. Ra8+ Rd8 31. Rxd8+ Rxd8 32. a4 Rd1+ 33.
Kh2 Ra1 34. Bc6 Rd1 35. Kg2 Rd6 36. Bb5 h6 37. b3 g5 38. Re8+ Kg7 39. Bc4 Rf6
40. Re3 Kg6 41. Rf3 Kg7 42. Rxf6 Kxf6 43. f4 g4 44. Kf2 Kg6 45. Ke3 f5 46. Bd5
Kf6 47. Kd3 Ke7 48. Kc4 Kd6 1-0

[Event "Tournoi Skype 028A"]
[Site "Skype"]
[Date "????.??.??"]
[Round "8.20"]
[White "Perrone, Gabriel Lorenzo"]
[Black "Quintero Gemio, Antonio Joaquin"]
[Result "0-1"]
[WhiteElo "1377"]
[BlackElo "1673"]
[PlyCount "88"]

1. d4 e6 2. c4 Nf6 3. Nf3 d5 4. Nc3 Bb4 5. Bg5 O-O 6. e3 c5 7. a3 cxd4 8. Qxd4
Nc6 9. Qh4 Be7 10. Be2 h6 11. Bxh6 gxh6 12. Qxh6 Nh7 13. Bd3 f5 14. Ne2 Bg5 15.
Nxg5 Qxg5 16. Qxg5+ Nxg5 17. cxd5 exd5 18. O-O Be6 19. Rad1 Rac8 20. Nf4 Ne5
21. Nxe6 Nxe6 22. Bb1 Rcd8 23. Ba2 Nc4 24. Rd3 b5 25. Rc1 Kf7 26. Rc2 Ke7 27.
b3 Nxa3 28. Rc6 b4 29. Ra6 Rd7 30. Rd1 Rc8 31. Ra4 Rb7 32. g3 Rc5 33. h4 a5 34.
Bb1 Kf6 35. Bd3 Nf8 36. Ba6 Rb8 37. Kg2 Nd7 38. Bc4 Nb6 39. Rxa3 bxa3 40. Bd3
Rc3 41. Bb1 Rxb3 42. Ba2 a4 43. Bxb3 axb3 44. Rd3 a2 0-1

[Event "Tournoi Skype 028A"]
[Site "Skype"]
[Date "????.??.??"]
[Round "8.21"]
[White "Knafo, Michel"]
[Black "Gadow, Martin"]
[Result "1/2-1/2"]
[WhiteElo "1658"]
[BlackElo "1521"]
[PlyCount "55"]

1. e4 c5 2. g3 Nc6 3. Bg2 d6 4. d3 Nf6 5. f4 e6 6. Nf3 Be7 7. O-O O-O 8. Nc3 a6
9. Be3 Ng4 10. Bd2 Nf6 11. Be3 Ng4 12. Bd2 Bf6 13. h3 Bxc3 14. bxc3 Nf6 15. Be3
c4 16. e5 dxe5 17. fxe5 Nd5 18. Bd2 cxd3 19. cxd3 Qc7 20. d4 b5 21. Ng5 f6 22.
Bxd5 exd5 23. Qf3 Ne7 24. Qh5 fxg5 25. Rxf8+ Kxf8 26. Rf1+ Kg8 27. Qf7+ Kh8 28.
Qe8+ 1/2-1/2

[Event "Tournoi Skype 028A"]
[Site "Skype"]
[Date "????.??.??"]
[Round "8.22"]
[White "Calderon, Francisco"]
[Black "Abate, Leonardo"]
[Result "1-0"]
[WhiteElo "1604"]
[BlackElo "1342"]
[PlyCount "47"]

1. e4 c5 2. Nf3 d6 3. h3 Nc6 4. Bc4 f5 5. d3 fxe4 6. dxe4 Nf6 7. Ng5 d5 8. exd5
Ne5 9. Bb5+ Bd7 10. Bxd7+ Qxd7 11. Nc3 b5 12. Ne6 Rc8 13. Be3 b4 14. Ne2 Nxd5
15. Nxc5 Nxe3 16. Nxd7 Nxd1 17. Nxe5 Nxb2 18. Rb1 Rxc2 19. Nd4 Rc5 20. f4 Na4
21. O-O g6 22. Rxb4 Nb6 23. Ndc6 Rc2 24. Rd1 1-0

[Event "Tournoi Skype 028A"]
[Site "Skype"]
[Date "????.??.??"]
[Round "8.23"]
[White "Engstrom, Olle"]
[Black "Alvarez, Juan Evangelista"]
[Result "1-0"]
[WhiteElo "1463"]
[BlackElo "1575"]
[PlyCount "153"]

1. e4 Nf6 2. Nc3 e5 3. Nf3 Nc6 4. d4 exd4 5. Nxd4 Bb4 6. Nxc6 Bxc3+ 7. bxc3
bxc6 8. Bd3 Qe7 9. O-O d6 10. h3 h5 11. Bg5 Qe5 12. Qd2 Nh7 13. Bf4 Qc5 14. Be3
Qa5 15. Rfe1 O-O 16. c4 Qa6 17. c5 Qa3 18. cxd6 Qxd6 19. e5 Qe7 20. Qc3 Rd8 21.
Bc5 Qg5 22. Be4 Bd7 23. Rad1 Qh6 24. Bxh7+ Qxh7 25. Be7 Qf5 26. Bxd8 Rxd8 27.
Rd3 Re8 28. Qa5 Be6 29. Qxa7 Bd5 30. Qd4 Bxa2 31. Qd7 Rxe5 32. Rxe5 Qxe5 33.
Re3 Qd6 34. Re8+ Kh7 35. Qf5+ g6 36. Qe5 Qxe5 37. Rxe5 Be6 38. Rc5 Bd5 39. c4
Be6 40. Rxc6 g5 41. Rxc7 Kg6 42. Rc6 Kf6 43. Rd6 Ke7 44. c5 f5 45. Rd4 Bd7 46.
Rb4 Kf6 47. Rb6+ Ke7 48. c6 Bc8 49. Rb8 Kd8 50. Ra8 Kc7 51. Kf1 f4 52. Ke2 Be6
53. Re8 Bd5 54. Re5 Bxc6 55. Rxg5 h4 56. Rc5 Kd6 57. Rxc6+ Kxc6 58. Kf3 Kd5 59.
Kxf4 Ke6 60. Kg5 Kf7 61. Kf5 Kg7 62. Ke6 Kg6 63. f4 Kg7 64. f5 Kf8 65. Kf6 Kg8
66. Ke7 Kg7 67. f6+ Kg6 68. f7 Kf5 69. f8=Q+ Ke4 70. Qd8 Ke3 71. Qd5 Kf2 72.
Qe4 Kg3 73. Kf6 Kh2 74. Kg5 Kg1 75. Qe2 Kh2 76. Kxh4 Kg1 77. Kg3 1-0

[Event "Tournoi Skype 028A"]
[Site "Skype"]
[Date "????.??.??"]
[Round "8.24"]
[White "Leyton Calderon, Jairo Oswaldo"]
[Black "Zenini, Simone"]
[Result "1/2-1/2"]
[WhiteElo "1526"]
[BlackElo "1489"]
[PlyCount "83"]

1. Nf3 d5 2. b3 Nf6 3. g3 c6 4. Bb2 Bf5 5. Bg2 Qd7 6. O-O Bh3 7. d3 Bxg2 8.
Kxg2 Qf5 9. Nbd2 Na6 10. Re1 e6 11. c4 Nc7 12. e4 dxe4 13. dxe4 Qc5 14. Ne5 Rd8
15. Qc2 Be7 16. Rad1 O-O 17. Ndf3 Qa5 18. Bc3 Bb4 19. Bxb4 Qxb4 20. Ng5 Rxd1
21. Rxd1 Qe7 22. Rd4 c5 23. Rd2 h6 24. Nh3 Rd8 25. f3 Na6 26. Qd1 Re8 27. Nf2
Qc7 28. Nd7 Nh7 29. Ng4 Nb4 30. Nge5 Re7 31. a3 Na6 32. Qg1 Qa5 33. Qe3 Qxa3
34. Qf4 Qxb3 35. Nf6+ Nxf6 36. Rd8+ Kh7 37. g4 Qb2+ 38. Kh3 Qf2 39. g5 Qf1+ 40.
Kh4 hxg5+ 41. Qxg5 Qf2+ 42. Kh3 1/2-1/2

[Event "Tournoi Skype 028A"]
[Site "Skype"]
[Date "????.??.??"]
[Round "8.25"]
[White "Gokcek, Cagri"]
[Black "Lambert, Pierre"]
[Result "1/2-1/2"]
[WhiteElo "1320"]
[BlackElo "1647"]
[PlyCount "128"]

1. e4 c5 2. Nf3 Nc6 3. d4 cxd4 4. Nxd4 Nf6 5. Nc3 d6 6. Bg5 e6 7. Nxc6 bxc6 8.
e5 dxe5 9. Qxd8+ Kxd8 10. Ne4 Be7 11. Rd1+ Kc7 12. Nxf6 gxf6 13. Bd2 Bc5 14. a3
a5 15. Bd3 a4 16. f4 Rb8 17. fxe5 fxe5 18. Bc3 Bd4 19. Bb4 Bd7 20. c3 Bb6 21.
c4 Bd4 22. c5 f5 23. Ba5+ Kb7 24. Rc1 e4 25. Be2 e5 26. Rc4 Be6 27. Rxa4 Bxc5
28. Bc3 Bd4 29. Bxd4 exd4 30. Rxd4 Kc7 31. Rd2 Rhd8 32. Rc2 Rb3 33. Kf2 Rdb8
34. Rhc1 Bd5 35. a4 Rxb2 36. a5 Rxc2 37. Rxc2 Rb4 38. a6 Kb6 39. Ke3 Be6 40. h4
c5 41. h5 c4 42. Kd4 Rb5 43. Ra2 Ka7 44. Ra4 Rd5+ 45. Kc3 Rc5 46. Kb4 Rc6 47.
Kb5 Rb6+ 48. Kc5 Rxa6 49. Rxa6+ Kxa6 50. Bxc4+ Bxc4 51. Kxc4 Kb6 52. Kd4 Kc6
53. g4 h6 54. gxf5 Kd6 55. Kxe4 Ke7 56. Ke5 Kf7 57. f6 Kf8 58. Ke6 Ke8 59. f7+
Kf8 60. Kf5 Kxf7 61. Kg4 Kf6 62. Kf4 Kg7 63. Kf5 Kf7 64. Ke5 Ke7 1/2-1/2

[Event "Tournoi Skype 028A"]
[Site "Skype"]
[Date "????.??.??"]
[Round "8.26"]
[White "Mishra, Sourabh"]
[Black "Mitrani, Alberto"]
[Result "1/2-1/2"]
[WhiteElo "1610"]
[BlackElo "1482"]
[PlyCount "85"]

1. d4 g6 2. e4 d6 3. Nf3 Bg7 4. Bc4 Nf6 5. Nbd2 O-O 6. O-O Nxe4 7. Bxf7+ Rxf7
8. Nxe4 d5 9. Neg5 Rf8 10. Re1 Nc6 11. c3 h6 12. Ne6 Bxe6 13. Rxe6 Rf6 14. Qe2
Qd7 15. Rxf6 exf6 16. Bd2 Re8 17. Qd3 f5 18. Re1 Rxe1+ 19. Nxe1 g5 20. Nf3 Qe6
21. h3 Ne7 22. Qb5 b6 23. Qe8+ Bf8 24. Qb8 Nc8 25. Qxc7 Bd6 26. Qb7 a5 27. Qa6
f4 28. Kf1 Be7 29. a3 Bf6 30. b4 axb4 31. cxb4 Qc6 32. Qd3 Qc4 33. Ne1 Bxd4 34.
Kg1 Ne7 35. a4 Kg7 36. Qb1 Qe2 37. Nf3 Qxf2+ 38. Kh1 Bf6 39. a5 b5 40. a6 Nc6
41. Qd3 Qb6 42. Qxd5 Qxa6 43. Qd7+ 1/2-1/2

[Event "Tournoi Skype 028A"]
[Site "Skype"]
[Date "????.??.??"]
[Round "8.27"]
[White "Hurtado De Mendoza, Ramon Miguel"]
[Black "Chavero, Victor"]
[Result "0-1"]
[WhiteElo "1549"]
[BlackElo "1283"]
[PlyCount "77"]

1. e4 d5 2. exd5 Qxd5 3. Nc3 Qd8 4. d4 Nf6 5. Bd3 c5 6. Bb5+ Nc6 7. d5 a6 8.
Bxc6+ bxc6 9. dxc6 Qxd1+ 10. Nxd1 Bf5 11. c4 e6 12. Nc3 Bd6 13. Nf3 h6 14. O-O
O-O 15. Rd1 Rfd8 16. h3 Rac8 17. Be3 Rxc6 18. Ne5 Rcc8 19. f4 g5 20. g4 Be4 21.
fxg5 Bxe5 22. gxf6 Bc6 23. Rf1 Kh7 24. Bxc5 Rd2 25. Rf2 Rd3 26. Rd1 Rxh3 27.
Kf1 Bf3 28. Rxf3 Rxf3+ 29. Bf2 Rxc4 30. Ne2 Rxg4 31. Rd2 Kg6 32. Ng1 Rf5 33.
Ke2 Bxf6 34. Nf3 Rgf4 35. Rd3 Ra4 36. Nd4 Rd5 37. Rg3+ Rg5 38. Rd3 Rg4 39. b3
0-1

[Event "Tournoi Skype 028A"]
[Site "Skype"]
[Date "????.??.??"]
[Round "8.29"]
[White "L'Herbon De Lussats, Jean"]
[Black "Khetre, Gaurav"]
[Result "0-1"]
[WhiteElo "1272"]
[BlackElo "1540"]
[PlyCount "70"]

1. d4 d5 2. c4 c6 3. g3 dxc4 4. e4 b5 5. b3 cxb3 6. a3 Nf6 7. Bg2 Bb7 8. Ne2
Qa5+ 9. Nd2 c5 10. O-O c4 11. Nf4 e6 12. e5 Bxg2 13. Kxg2 Nd5 14. Qf3 Qd8 15.
a4 Nxf4+ 16. gxf4 Qd5 17. axb5 Nd7 18. Nxc4 Qxf3+ 19. Kxf3 Rc8 20. Nd6+ Bxd6
21. exd6 Rc3+ 22. Kg2 O-O 23. Rxa7 Nb6 24. Bb2 Rc2 25. Rb1 Nc4 26. Bc1 b2 27.
Be3 Nxe3+ 28. Kf3 Nc4 29. Rc7 Nd2+ 30. Ke3 Nxb1 31. Rxc2 Na3 32. Kd2 b1=Q 33.
Rc5 Qb4+ 34. Kd3 Nxb5 35. d7 Qxd4+ 0-1

[Event "Tournoi Skype 028A"]
[Site "Skype"]
[Date "????.??.??"]
[Round "8.30"]
[White "Khunte, Aniruddha"]
[Black "Galani, Mahendra"]
[Result "1/2-1/2"]
[WhiteElo "1174"]
[BlackElo "1526"]
[PlyCount "117"]

1. e4 e5 2. Nf3 d6 3. Bc4 Nc6 4. d4 exd4 5. Nxd4 Ne5 6. Bb3 Nf6 7. Bf4 Ng6 8.
Bg5 Be7 9. Nc3 O-O 10. O-O h6 11. Bxf6 Bxf6 12. Ndb5 a6 13. Nd4 b5 14. Re1 c5
15. Nf5 c4 16. Nxd6 cxb3 17. axb3 Be6 18. Nd5 Bxb2 19. Rb1 Be5 20. Nf5 Bxd5 21.
Qxd5 Qf6 22. Rbd1 Nf4 23. Qc6 Ne6 24. c4 Rfc8 25. Qd7 Rc7 26. Qd3 Nc5 27. Qd5
Re8 28. cxb5 axb5 29. b4 Bc3 30. Qd6 Ne6 31. Rc1 Rd8 32. Qg3 Be5 33. Nxh6+ Kh7
34. Ng4 Qf4 35. Qh4+ Kg6 36. Nxe5+ Qxe5 37. Rxc7 Qxc7 38. e5 Qc3 39. Rf1 Qxe5
40. f4 Qd4+ 41. Kh1 f5 42. g4 Qe4+ 43. Kg1 Qe3+ 44. Kh1 Rf8 45. Qh5+ Kf6 46.
Qh4+ Kf7 47. Qh5+ Kg8 48. g5 Qe4+ 49. Kg1 g6 50. Qxg6+ Ng7 51. Qh6 Qe3+ 52. Kh1
Qe4+ 53. Kg1 Qe3+ 54. Kh1 Qe4+ 55. Kg1 Qe3+ 56. Kh1 Qe4+ 57. Kg1 Qe3+ 58. Kh1
Qe4+ 59. Kg1 1/2-1/2

[Event "Tournoi Skype 028A"]
[Site "Skype"]
[Date "????.??.??"]
[Round "8.31"]
[White "Pasasin, Alejandro"]
[Black "Lovell, Stan"]
[Result "1/2-1/2"]
[WhiteElo "1329"]
[BlackElo "1651"]
[PlyCount "70"]

1. e4 c6 2. Nf3 d5 3. e5 Bf5 4. g3 e6 5. d4 Nd7 6. Bg2 Ne7 7. Nbd2 c5 8. c3 Nc6
9. O-O Rc8 10. Re1 cxd4 11. Nxd4 Nxd4 12. cxd4 Bb4 13. Re3 O-O 14. Nf3 Ba5 15.
Bd2 Bb6 16. h4 Bg4 17. Bc3 h6 18. Qe1 Bf5 19. Nh2 Bh7 20. Qe2 Ba5 21. Rc1 Nb6
22. Ng4 Bf5 23. Bf3 Nc4 24. Bxa5 Qxa5 25. Rec3 Nb6 26. Ne3 Bh7 27. g4 Rxc3 28.
bxc3 Qa3 29. Qd2 Qe7 30. h5 f6 31. c4 fxe5 32. c5 Nd7 33. Nxd5 Qf7 34. Rc3 exd4
35. Qxd4 Kh8 1/2-1/2

[Event "Tournoi Skype 028A"]
[Site "Skype"]
[Date "????.??.??"]
[Round "8.32"]
[White "Vasquez, Oscar"]
[Black "Carballo, Jorge"]
[Result "1/2-1/2"]
[WhiteElo "1585"]
[BlackElo "1367"]
[PlyCount "82"]

1. c4 Nf6 2. Nc3 e6 3. g3 d5 4. cxd5 exd5 5. d4 c5 6. Nf3 Nc6 7. Bg2 h6 8. O-O
Be6 9. e3 cxd4 10. Nxd4 Nxd4 11. Qxd4 Be7 12. Rd1 O-O 13. Nxd5 Nxd5 14. Bxd5
Bf6 15. Qd2 Bxd5 16. Qxd5 Qxd5 17. Rxd5 Rad8 18. Rxd8 Rxd8 19. Kf1 Rd1+ 20. Ke2
Rh1 21. h4 g5 22. hxg5 hxg5 23. a4 Kg7 24. Rb1 Be5 25. b4 f5 26. Kf3 g4+ 27.
Ke2 Bc3 28. Kd3 Be5 29. b5 b6 30. Ke2 Rh2 31. Bb2 Bxb2 32. Rxb2 Rh7 33. Rc2 Kf6
34. Rc6+ Ke5 35. f4+ Ke4 36. Re6+ Kd5 37. Re5+ Kc4 38. Rxf5 Rh2+ 39. Kf1 Kd3
40. Re5 Ra2 41. f5 Ra1+ 1/2-1/2

[Event "Tournoi Skype 028A"]
[Site "Skype"]
[Date "????.??.??"]
[Round "8.33"]
[White "Vilas Boas, Crisolon Terto"]
[Black "Mulrooney, Justin"]
[Result "1-0"]
[WhiteElo "1488"]
[BlackElo "1626"]
[PlyCount "77"]

1. d4 d5 2. Bf4 Nf6 3. Nf3 e6 4. Nc3 Bd6 5. Ne5 Nbd7 6. Qd2 O-O 7. f3 Qe7 8.
O-O-O a6 9. g4 Nb6 10. e3 c5 11. g5 Nfd7 12. h4 f6 13. Nxd7 Nxd7 14. gxf6 Nxf6
15. Bg5 b5 16. dxc5 Bxc5 17. f4 Bd7 18. e4 b4 19. Ne2 Qe8 20. Bxf6 Rxf6 21.
exd5 Rc8 22. Bh3 a5 23. Ng3 a4 24. Ne4 Rg6 25. h5 b3 26. axb3 axb3 27. c3 Rh6
28. Nxc5 Rxc5 29. dxe6 Qa8 30. Qxd7 Qa1+ 31. Kd2 Qxb2+ 32. Ke3 Rxc3+ 33. Rd3
Rxd3+ 34. Qxd3 Rf6 35. e7 Kf7 36. Rd1 Qa3 37. Qd5+ Kxe7 38. Qd8+ Kf7 39. Rd7+
1-0

[Event "Tournoi Skype 028A"]
[Site "Skype"]
[Date "????.??.??"]
[Round "8.34"]
[White "Ortiz, Vladimir"]
[Black "Davis, Michael"]
[Result "1/2-1/2"]
[WhiteElo "1419"]
[BlackElo "1530"]
[PlyCount "45"]

1. d4 d5 2. Bf4 Nf6 3. e3 Nc6 4. c3 Bf5 5. Bd3 Bg6 6. Bxg6 hxg6 7. h3 e6 8. Nf3
Bd6 9. Bxd6 Qxd6 10. Nbd2 O-O-O 11. Nb3 e5 12. dxe5 Nxe5 13. Nxe5 Qxe5 14. Qd4
Qxd4 15. cxd4 Ne4 16. Nd2 Nxd2 17. Kxd2 Rd6 18. Rac1 a5 19. Ke2 a4 20. g3 g5
21. Kf3 Rdh6 22. Kg2 g4 23. h4 1/2-1/2

[Event "Tournoi Skype 028A"]
[Site "Skype"]
[Date "????.??.??"]
[Round "8.36"]
[White "Aceituno, Stebe"]
[Black "Morelli, Daniel"]
[Result "1/2-1/2"]
[WhiteElo "1400"]
[BlackElo "1370"]
[PlyCount "34"]

1. e4 e5 2. Nf3 Nc6 3. Bc4 Bc5 4. O-O Nf6 5. d3 O-O 6. c3 a6 7. a3 b5 8. Ba2 d6
9. h3 Bb7 10. Re1 Re8 11. Nbd2 Ne7 12. Nf1 Ng6 13. Ng3 Ba7 14. d4 c5 15. dxe5
dxe5 16. Qxd8 Raxd8 17. Bg5 Rd6 1/2-1/2

[Event "Tournoi Skype 028A"]
[Site "Skype"]
[Date "????.??.??"]
[Round "8.37"]
[White "Ramirez Reina, Orlando"]
[Black "Mantelli, Luca"]
[Result "1/2-1/2"]
[WhiteElo "1385"]
[BlackElo "1370"]
[PlyCount "151"]

1. e4 e5 2. Nf3 Nc6 3. Bc4 Bc5 4. c3 Nf6 5. d4 exd4 6. cxd4 Bb4+ 7. Nc3 Nxe4 8.
O-O Bxc3 9. Qe2 d5 10. bxc3 O-O 11. Bd3 f5 12. Qc2 Qf6 13. Ba3 Re8 14. Rae1 Bd7
15. Qb3 Qf7 16. Bxe4 fxe4 17. Nd2 Nd8 18. Rc1 c6 19. c4 Be6 20. cxd5 cxd5 21.
Qg3 Nc6 22. Nb3 Rac8 23. Bd6 Qg6 24. Qxg6 hxg6 25. Rfd1 Red8 26. Bg3 Nb4 27.
Nc5 Re8 28. Nxb7 Nxa2 29. Ra1 Rc2 30. Nd6 Ra8 31. Be5 Rb8 32. Rab1 Rbb2 33.
Rxb2 Rxb2 34. Kf1 Nb4 35. Rc1 Rc2 36. Rxc2 Nxc2 37. Ke2 Nb4 38. f3 Bf5 39. Nb5
a6 40. Nc3 Kf7 41. Bd6 a5 42. Bxb4 axb4 43. Nxd5 b3 44. Nc3 exf3+ 45. gxf3 Ke6
46. Kd2 Kd6 47. Kc1 Bc2 48. Kb2 Kc6 49. f4 Kd6 50. d5 Kd7 51. Na4 Kd6 52. Nc3
Kc5 53. h4 Kc4 54. d6 Bf5 55. Na4 Kd5 56. Kxb3 Kxd6 57. Kc3 Kd5 58. Kd2 Ke4 59.
Nc3+ Kxf4 60. Nd5+ Kg4 61. Ke3 Kxh4 62. Kf4 Kh5 63. Ne7 Be6 64. Ke5 Bh3 65. Nd5
g5 66. Ne3 g4 67. Kf4 Kh4 68. Nf5+ Kh5 69. Nxg7+ Kg6 70. Nf5 Kh5 71. Ng3+ Kh4
72. Nf5+ Kh5 73. Kg3 Kg5 74. Ne3 Kh5 75. Nd5 Kg5 76. Ne3 1/2-1/2

[Event "Tournoi Skype 028A"]
[Site "Skype"]
[Date "????.??.??"]
[Round "8.38"]
[White "Sauvaget, Joel"]
[Black "Le Brun, Yves"]
[Result "1/2-1/2"]
[WhiteElo "1290"]
[BlackElo "1338"]
[PlyCount "37"]

1. d4 d5 2. c4 Nf6 3. e3 c6 4. Nf3 Bf5 5. Nc3 e6 6. cxd5 Nxd5 7. h3 Bb4 8. Bd2
Nd7 9. a3 Bxc3 10. Bxc3 Nxc3 11. bxc3 Be4 12. Be2 O-O 13. O-O h6 14. Nd2 Bg6
15. Nf3 Qf6 16. Bd3 Bxd3 17. Qxd3 Rfd8 18. Qe2 e5 19. dxe5 1/2-1/2

[Event "Tournoi Skype 028A"]
[Site "Skype"]
[Date "????.??.??"]
[Round "9.1"]
[White "Figueroa, Tomas"]
[Black "Deville, Olivier"]
[Result "1-0"]
[WhiteElo "2093"]
[BlackElo "1823"]
[PlyCount "71"]

1. c4 c5 2. Nf3 Nc6 3. g3 e5 4. Nc3 g6 5. Bg2 Bg7 6. O-O Nge7 7. Rb1 O-O 8. a3
a5 9. d3 d6 10. b3 f5 11. Bb2 h6 12. e3 Be6 13. Re1 Qd7 14. Na4 Qc7 15. Bh1
Rad8 16. d4 e4 17. d5 exf3 18. dxe6 Ne5 19. Bxf3 Nxf3+ 20. Qxf3 Bxb2 21. Rxb2
Rf6 22. Rd1 Rxe6 23. Rbd2 Nc8 24. Nc3 Nb6 25. Nb5 Qe7 26. Qf4 Kg7 27. a4 Nc8
28. Nc3 Nb6 29. Rd3 Qf6 30. Qf3 Qe7 31. Qe2 Qf6 32. Qd2 Qf7 33. Nb5 d5 34. cxd5
Re5 35. Qc3 Qf6 36. Qxc5 1-0

[Event "Tournoi Skype 028A"]
[Site "Skype"]
[Date "????.??.??"]
[Round "9.2"]
[White "Mayor Martinez, Juan Jose"]
[Black "Montalvo, Mario"]
[Result "1-0"]
[WhiteElo "1768"]
[BlackElo "1811"]
[PlyCount "57"]

1. d4 Nf6 2. c4 g6 3. Nf3 Bg7 4. Nc3 O-O 5. e4 d6 6. h3 e5 7. d5 a5 8. Bd3 Na6
9. a3 Bd7 10. O-O Qe8 11. Be3 Nh5 12. b3 f5 13. Rb1 Nf4 14. Bxf4 exf4 15. exf5
Bxc3 16. fxg6 hxg6 17. Qc2 Bg7 18. Bxg6 Qe7 19. Bh7+ Kh8 20. h4 Bf6 21. Bf5 Nc5
22. Rfe1 Qg7 23. Bxd7 Nxd7 24. Qf5 Ne5 25. Qxf4 Nd3 26. Qf5 Nxe1 27. Rxe1 Rae8
28. Rxe8 Rxe8 29. Qh5+ 1-0

[Event "Tournoi Skype 028A"]
[Site "Skype"]
[Date "????.??.??"]
[Round "9.3"]
[White "Trivedi, Viral"]
[Black "Ibarra Cantu, Raul Alberto"]
[Result "1-0"]
[WhiteElo "1230"]
[BlackElo "1967"]
[PlyCount "69"]

1. d4 Nf6 2. Bf4 d6 3. Nc3 g6 4. e3 Bg7 5. Be2 O-O 6. h3 Nbd7 7. Nf3 c5 8. O-O
b6 9. d5 a6 10. a4 Qc7 11. e4 Ne5 12. Nd2 Nfd7 13. Be3 f5 14. f4 Nf7 15. exf5
gxf5 16. Rb1 Bd4 17. Nc4 Bg7 18. Bd3 Nf6 19. Bf2 Nh8 20. b4 Ne4 21. Nxe4 fxe4
22. Bxe4 Rxf4 23. Qd3 Ng6 24. bxc5 dxc5 25. Bg3 b5 26. Bxg6 bxc4 27. Bxh7+ Kh8
28. Qg6 Bf5 29. Qh5 Bxh7 30. Bxf4 Qd7 31. Be5 Bxe5 32. Qxe5+ Kg8 33. Qg5+ Kh8
34. Rf7 Rg8 35. Qe5+ 1-0

[Event "Tournoi Skype 028A"]
[Site "Skype"]
[Date "????.??.??"]
[Round "9.5"]
[White "Hahnewald, Uwe"]
[Black "Zendeboodi, Fariba"]
[Result "*"]
[WhiteElo "1823"]
[BlackElo "1468"]
[PlyCount "115"]

1. d4 Nf6 2. c4 c6 3. Nc3 d5 4. Nf3 e6 5. Bg5 Be7 6. e3 Nbd7 7. Qc2 h6 8. Bh4
dxc4 9. Bxc4 O-O 10. O-O b5 11. Bd3 a6 12. Ne4 Bb7 13. Nxf6+ Nxf6 14. a3 Rc8
15. b4 Nd5 16. Bxe7 Qxe7 17. Rfc1 Rfd8 18. Ne5 Nb6 19. Bh7+ Kf8 20. Be4 Nd5 21.
Bxd5 cxd5 22. Qh7 Ke8 23. Qxg7 Qf8 24. Qxf8+ Kxf8 25. Rc5 f6 26. Nd3 Ke7 27.
Rac1 Kd6 28. f4 Rg8 29. Kf2 Kd7 30. Kf3 h5 31. Rxc8 Bxc8 32. a4 Kd6 33. Nc5 e5
34. axb5 axb5 35. Ra1 exd4 36. exd4 Re8 37. h3 Bf5 38. Ra6+ Ke7 39. g4 hxg4+
40. hxg4 Bc8 41. Ra1 Rh8 42. Kg3 Rg8 43. Ra7+ Kd8 44. Ra5 Bxg4 45. Kf2 Bh3 46.
Ra8+ Bc8 47. Rb8 Rg4 48. Kf3 Rh4 49. Rxb5 Rh1 50. Rb6 Rf1+ 51. Ke3 Re1+ 52. Kf2
Rb1 53. Rxf6 Rxb4 54. Rd6+ Ke7 55. Rxd5 Be6 56. Re5 Rxd4 57. Nxe6 Ra4 58. Nc5+
*

[Event "Tournoi Skype 028A"]
[Site "Skype"]
[Date "????.??.??"]
[Round "9.6"]
[White "Rodriguez Gonzalez, Jaime Rafael"]
[Black "Rico Hernandez, Edgar"]
[Result "1-0"]
[WhiteElo "1473"]
[BlackElo "1772"]
[PlyCount "57"]

1. d4 d5 2. Nf3 Nf6 3. c4 e6 4. Nc3 Nbd7 5. cxd5 exd5 6. Bf4 c6 7. e3 Be7 8. h3
O-O 9. Bd3 Re8 10. O-O Nf8 11. Ne5 Bd6 12. Bg3 Qe7 13. f4 N6d7 14. e4 dxe4 15.
Bc4 Bxe5 16. fxe5 Ne6 17. Nxe4 Rf8 18. Qh5 Nb6 19. Nf6+ gxf6 20. exf6 Qd8 21.
Bxe6 Qxd4+ 22. Kh1 Kh8 23. Qh6 Rg8 24. Bxf7 Bxh3 25. Bxg8 Bxg2+ 26. Kh2 Rxg8
27. f7 Bxf1 28. fxg8=Q+ Kxg8 29. Qe6+ 1-0